| 000 | 00522nmm a2200169Ia 4500 | ||
|---|---|---|---|
| 008 | 251105s9999||||xx |||||||||||||||||und|| | ||
| 020 | _a9788437098043 | ||
| 041 | _aspa | ||
| 100 | _aAranegui Gascó, Carmen | ||
| 245 | 0 |
_aEl 'sucronensis sinus' en época ibérica : _b Saguntum |
|
| 264 |
_a[Madrid, España] : _bPublicaciones de la Universidad de Valencia (PUV), _c2015 |
||
| 300 | _a208 páginas | ||
| 490 | _a931 | ||
| 650 | _aArcheology | ||
| 856 | _uhttps://public.digitaliapublishing.com/a/39417 | ||
| 942 | _cCF | ||
| 999 |
_c82698 _d82698 |
||